000 00748nam a2200217Ii 4500
003 JO-AjNU
008 230605s9999||||xx |||||||||||||| ||und||
017 _a2008/4/1272
040 _aJO-AjNU
_bara
_erda
_cJO-AjNU
041 _aara
050 1 4 _aBF637.C6.A2822.2009
100 3 _aأبو أسعد،احمد عبد اللطيف ، الغرير،احمد نايل,
_eauthor
_928640
245 0 0 _aالتشخيص والتقييم في الارشاد
250 _aط1
264 3 1 _aعمان:دار المسيرة للنشر والتوزيع والطباعة ،2009
300 _a236ص
336 _atext
_btxt
_2rdacontent
337 _aunmediated
_bn
_2rdamedia
338 _avolume
_bnc
_2rdacarrier
650 4 _aتشخيص-تقييم
_928641
999 _aA11134
_c14702
_d14702